Formula one drivers line-up 1994 - Statistics

General Stats
  • This quiz has been taken 138 times
    133 since last reset
  • The average score is 32 of 52
Answer Stats
Constructor Rounds Driver Nationality % Correct
Williams All Damon Hill UK
93%
Williams 1-3 Ayrton Senna Brazil
91%
Williams 5-6, 8-13 David Coulthard UK
85%
Williams 7, 14-16 Nigel Mansell UK
84%
Benetton 1-11, 14-16 Michael Schumacher Germany
81%
McLaren 1-9, 11-16 Mika Häkkinen Finland
81%
Benetton 1-2, 7-14 Jos Verstappen Netherlands
75%
Ferrari All Gerhard Berger Austria
74%
Tyrrell All Ukyo Katayama Japan
74%
McLaren All Martin Brundle UK
72%
Ferrari 1, 4-16 Jean Alesi France
71%
Benetton 15-16 Johnny Herbert UK
69%
Lotus 1-13 Johnny Herbert UK
69%
Ligier 14 Johnny Herbert UK
69%
Tyrrell All Mark Blundell UK
69%
Benetton 3-6, 12-13 JJ Lehto Finland
68%
Sauber 15-16 JJ Lehto Finland
68%
Jordan All Rubens Barrichello Brazil
68%
Jordan 2 Aguri Suzuki Japan
65%
Jordan 1, 5-16 Eddie Irvine UK
65%
McLaren 10 Philippe Alliot France
65%
Larrousse 11 Philippe Alliot Belgium
65%
Lotus 15-16 Mika Salo Finland
63%
Sauber All* Heinz-Harald Frentzen Germany
62%
Ligier All Olivier Panis France
62%
Minardi All Michele Alboreto Italy
60%
Lotus 1-4 Pedro Lamy Portugal
60%
Footwork All Christian Fittipaldi Brazil
59%
Simtek All David Brabham Australia
59%
Ferrari 2-3 Nicola Larini Italy
59%
Simtek 1-3 Roland Ratzenberger Austria
59%
Sauber 1-4 Karl Wendlinger Austria
57%
Jordan 3-4 Andrea de Cesaris Italy
56%
Sauber 6-14 Andrea de Cesaris Italy
56%
Footwork All Gianni Morbidelli Italy
56%
Minardi All Pierluigi Martini Italy
56%
Pacific All Bertrand Gachot France
54%
Larrousse 1-15 Érik Comas France
54%
Lotus 14 Éric Bernard France
53%
Ligier 1-13 Éric Bernard France
53%
Pacific All Paul Belmondo France
51%
Simtek 15 Taki Inoue Japan
51%
Simtek 5 Andrea Montermini Italy
50%
Larrousse 16 Jean-Denis Délétraz Switzerland
50%
Larrousse 1-10 Olivier Beretta Monaco
50%
Ligier 15-16 Franck Lagorce France
49%
Larrousse 14-16 Hideki Noda Japan
49%
Lotus 5-10, 12, 14-16 Alessandro Zanardi Italy
47%
Simtek 7-13 Jean-Marc Gounon France
46%
Lotus 11, 13 Philippe Adams Belgium
46%
Larrousse 12-13 Yannick Dalmas France
46%
Simtek 14, 16 Dominico Schiattarella Italy
44%
No matching quizzes found
Score Distribution
Percent of People with Each Score
Percentile by Number Answered
Your Score History
You have not taken this quiz since the last reset